Anti Hacker Tool Kit / (Record no. 62810)

MARC details
000 -LEADER
fixed length control field 00541nam a22001697a 4500
005 - DATE AND TIME OF LATEST TRANSACTION
control field 2012021408108.0
020 ## - INTERNATIONAL STANDARD BOOK NUMBER
International Standard Book Number 0070586896
Terms of availability 000.00
035 ## - SYSTEM CONTROL NUMBER
System control number B-132651
037 ## - SOURCE OF ACQUISITION
Stock number DPL
Source of stock number/acquisition ENG
100 ## - MAIN ENTRY--PERSONAL NAME
Personal name Shema,Mike
245 ## - TITLE STATEMENT
Title Anti Hacker Tool Kit /
Statement of responsibility, etc by Mike,Shema
250 ## - EDITION STATEMENT
Edition statement 2 ed.
260 ## - PUBLICATION, DISTRIBUTION, ETC. (IMPRINT)
Place of publication, distribution, etc New Delhi
Name of publisher, distributor, etc Tata Mc Graw Hill
Date of publication, distribution, etc 2004
300 ## - PHYSICAL DESCRIPTION
Extent XXVI, 820p.(pbk)
Dimensions 22 cms.
942 ## - ADDED ENTRY ELEMENTS (KOHA)
Source of classification or shelving scheme Dewey Decimal Classification
Item type English Books
Classification part 005.8
Call number suffix SHE
Holdings
Withdrawn status Lost status Not for loan Collection code Home library Current library Date acquired Full call number Barcode Koha item type
      Non-fiction Sarojini Nagar Sarojini Nagar 15/02/2012 005.8 SHE B-132651 English Books

© Delhi Public Library
Hit Counter
free hit counter